[Event "WJCC U20 Open 2019"]
[Site "New Delhi"]
[Date "2019.10.17"]
[Round "3.13"]
[White "Sankalp Gupta"]
[Black "Janik, Igor"]
[Result "1/2-1/2"]
[WhiteElo "2369"]
[BlackElo "2467"]
[Annotator "ChessBase"]
[PlyCount "82"]
[EventDate "2019.10.15"]
[EventType "swiss"]
[EventCountry "IND"]
[SourceTitle "playchess.com"]
[Source "ChessBase"]
[SourceQuality "1"]
[TimeControl "40/5400+30:1800+30"]

1. d4 {[%emt 0:04:38]} Nf6 {[%emt 0:00:00]} 2. Nf3 {[%emt 0:00:03]} b6 {[%emt 0:00:00]} 3. Bf4 {[%emt 0:00:59]} Bb7 {[%emt 0:00:00]} 4. e3 {[%emt 0:00:07]} Nh5 {[%emt 0:00:11]} 5. Bg5 {[%emt 0:01:13]} h6 {[%emt 0:01:26]} 6. Bh4 {[%emt 0:00:03]} g5 {[%emt 0:00:42]} 7. Bg3 {[%emt 0:00:48]} d6 {[%emt 0:00:47]} 8. Nbd2 {[%emt 0:00:44]} Bg7 {[%emt 0:00:58]} 9. c3 {[%emt 0:00:14]} Nd7 {[%emt 0:00:34]} 10. Bd3 {[%emt 0:01:18]} e6 {[%emt 0:03:27]} 11. e4 {[%emt 0:03:20]} O-O {[%emt 0:02:46]} 12. Ng1 {[%emt 0:03:29]} Ndf6 {[%emt 0:07:16]} 13. Ne2 {[%emt 0:03:44]} e5 {[%emt 0:03:07]} 14. dxe5 {[%emt 0:10:42]} dxe5 {[%emt 0:01:30]} 15. Qc2 {[%emt 0:00:03]} Qe7 {[%emt 0:10:57]} 16. f3 {[%emt 0:02:26]} c5 {[%emt 0:01:44]} 17. Nf1 {[%emt 0:07:25]} Nf4 {[%emt 0:04:12]} 18. Ne3 {[%emt 0:02:02]} c4 {[%emt 0:01:36]} 19. Bxc4 {[%emt 0:04:51]} Qc5 {[%emt 0:00:20]} 20. Bf2 {[%emt 0:05:54]} Nxg2+ {[%emt 0:00:31]} 21. Nxg2 {[%emt 0:00:06]} Qxc4 {[%emt 0:00:13]} 22. Ne3 {[%emt 0:03:45]} Qe6 {[%emt 0:00:17]} 23. h3 {[%emt 0:03:04]} Rfd8 {[%emt 0:10:29]} 24. Ng3 {[%emt 0:00:43]} Ba6 {[%emt 0:02:00]} 25. Qa4 {[%emt 0:08:09]} b5 {[%emt 0:05:59]} 26. Qb3 {[%emt 0:00:34]} Qc6 {[%emt 0:00:06]} 27. O-O {[%emt 0:02:05]} Bc8 {[%emt 0:04:20]} 28. Ngf5 {[%emt 0:04:47]} Bf8 {[%emt 0:00:13]} 29. Qc2 {[%emt 0:06:13]} Nh5 {[%emt 0:02:01]} 30. Rad1 {[%emt 0:01:04]} Re8 {[%emt 0:05:10]} 31. Kh2 {[%emt 0:00:35]} Bc5 {[%emt 0:02:31]} 32. Bg3 {[%emt 0:13:04]} Bxe3 {[%emt 0:05:36]} 33. Nxe3 {[%emt 0:00:19]} f6 {[%emt 0:01:56]} 34. Rd3 {[%emt 0:01:45]} Be6 {[%emt 0:02:05]} 35. Rfd1 {[%emt 0:00:40]} Kf7 36. Rd6 {[%emt 0:01:48]} Qc7 {[%emt 0:05:22]} 37. Ng4 {[%emt 0:01:24]} Nxg3 {[%emt 0:02:09]} 38. Kxg3 {[%emt 0:00:37]} h5 {[%emt 0:00:18]} 39. Ne3 {[%emt 0:02:06]} Rad8 {[%emt 0:00:39]} 40. Qd3 {[%emt 0:00:54]} h4+ {[%emt 0:05:30]} 41. Kg2 {[%emt 0:30:40]} Rxd6 {[%emt 0:39:12]} 1/2-1/2

[Event "WJCC U20 Open 2019"]
[Site "New Delhi"]
[Date "2019.10.17"]
[Round "3.14"]
[White "Costachi, Mihnea"]
[Black "Aronyak Ghosh"]
[Result "1/2-1/2"]
[WhiteElo "2463"]
[BlackElo "2380"]
[Annotator "TA"]
[PlyCount "61"]
[EventDate "2019.10.15"]
[EventType "swiss"]
[EventCountry "IND"]
[SourceTitle "playchess.com"]
[Source "ChessBase"]
[SourceQuality "1"]

{[%evp 13,61,27,52,18,17,24,18,20,15,26,52,-50,-62,-56,-56,-64,-53,-68,-68,-89,-56,-68,-68,-83,-86,-86,-84,-138,-39,-36,0,0,0,0,0,0,0,0,0,0,0,0,0,0,0,0,0,0,0,0]} 1. d4 d5 2. c4 dxc4 3. Nf3 Nf6 4. e3 e6 5. Bxc4 c5 6. O-O a6 7. Bb3 Nbd7 8. Nc3 {D27: Queen's Gambit Accepted: Classical main line: 7 e4!? and 7 a4} (8. e4 $5) 8... b5 9. e4 cxd4 10. Qxd4 (10. Nxd4 b4 11. Na4 Bb7 12. Bxe6 fxe6 13. Nxe6 Qa5 14. Bf4 Rc8 {1-0 (24) Matlakov,M (2730)-Najer,E (2699) Antalya 2017}) 10... Bc5 11. Qd3 Qc7 12. Bg5 (12. Qe2 $1 $14) 12... Bb7 $15 13. Rac1 $146 ({Predecessor:} 13. Rae1 Rc8 14. Bh4 b4 {1-0 (28) Gromek,J-Jensen,E Marianske Lazne 1959}) 13... O-O $36 {[%mdl 2048] Black is more active.} 14. Rfd1 Ne5 15. Nxe5 Qxe5 {[%mdl 64] Double Attack} 16. Bh4 b4 17. Bg3 {[#]} Bxf2+ $1 {[%mdl 512]} 18. Kxf2 Qc5+ 19. Kf1 {Nd5 is the strong threat.} bxc3 20. Bd6 (20. Rxc3 $142 Qg5 21. Re1) 20... Qg5 (20... Qb6 $17 21. Bxf8 cxb2) 21. Bxf8 Bxe4 ({Much weaker is} 21... Rxf8 $6 22. Rxc3 Nxe4 23. Rc2 $14) 22. Qe2 $1 {[#] aiming for Ba3.The position is equal.} ({Not} 22. Qg3 $2 Qxg3 23. hxg3 cxb2 $19) 22... cxb2 ({Reject} 22... Kxf8 $6 23. Rxc3 Kg8 24. Kg1 $16) 23. Qxb2 {Threatens to win with Bd6.} Rxf8 24. Qd2 Qg6 25. Rc3 Ba8 {Strongly threatening ...Ne4.} 26. Bc2 Ne4 27. Kg1 f5 28. Bxe4 $1 Bxe4 29. Rg3 Qf6 30. Qc3 Qxc3 31. Rxc3 {Accuracy: White = 58%, Black = 70%.} 1/2-1/2

[Event "WJCC U20 Open 2019"]
[Site "New Delhi"]
[Date "2019.10.17"]
[Round "3.15"]
[White "Batsuren, Dambasuren"]
[Black "Winkelman, Albert"]
[Result "1-0"]
[WhiteElo "2454"]
[BlackElo "2143"]
[Annotator "ChessBase"]
[PlyCount "62"]
[EventDate "2019.10.15"]
[EventType "swiss"]
[EventCountry "IND"]
[SourceTitle "playchess.com"]
[Source "ChessBase"]
[SourceQuality "1"]
[TimeControl "40/5400+30:1800+30"]

1. d4 {[%emt 0:00:00]} Nf6 {[%emt 0:00:00]} 2. c4 {[%emt 0:00:00]} e6 {[%emt 0:00:00]} 3. Nc3 {[%emt 0:00:00]} Bb4 {[%emt 0:00:03]} 4. Qc2 {[%emt 0:00:06]} d5 {[%emt 0:00:19]} 5. cxd5 {[%emt 0:00:12]} exd5 {[%emt 0:00:10]} 6. Bg5 {[%emt 0:00:07]} h6 {[%emt 0:00:34]} 7. Bh4 {[%emt 0:00:08]} c5 {[%emt 0:01:32]} 8. dxc5 {[%emt 0:00:15]} g5 {[%emt 0:01:14]} 9. Bg3 {[%emt 0:00:06]} Ne4 {[%emt 0:00:29]} 10. e3 {[%emt 0:00:31]} Qa5 {[%emt 0:04:29]} 11. Rc1 {[%emt 0:03:41]} Bxc3+ {[%emt 0:16:44]} 12. bxc3 {[%emt 0:00:08]} Nd7 {[%emt 0:01:55]} 13. Nf3 {[%emt 0:05:53]} Ndxc5 {[%emt 0:02:29]} 14. Nd4 {[%emt 0:00:44]} Bd7 {[%emt 0:01:32]} 15. Be2 {[%emt 0:03:32]} Na4 {[%emt 0:23:49]} 16. O-O {[%emt 0:10:55]} Naxc3 {[%emt 0:13:45]} 17. Be5 {[%emt 0:05:51]} Nxe2+ {[%emt 0:04:38]} 18. Qxe2 {[%emt 0:00:37]} O-O {[%emt 0:02:45]} 19. Rc7 {[%emt 0:01:39]} Rae8 {[%emt 0:03:24]} 20. Rxd7 {[%emt 0:01:56]} Rxe5 {[%emt 0:00:13]} 21. Rxb7 {[%emt 0:01:03]} Qc3 {[%emt 0:14:04]} 22. Rd1 {[%emt 0:06:54]} Qc8 {[%emt 0:03:39]} 23. Qb2 {[%emt 0:00:23]} Nd6 {[%emt 0:00:26]} 24. Rxa7 {[%emt 0:03:12]} Nc4 {[%emt 0:00:44]} 25. Qb3 {[%emt 0:04:13]} Qg4 {[%emt 0:01:39]} 26. h3 {[%emt 0:01:07]} Qh5 {[%emt 0:00:08]} 27. Nc6 {[%emt 0:01:01]} Re6 {[%emt 0:01:42]} 28. Ne7+ {[%emt 0:00:13]} Kh8 {[%emt 0:00:35]} 29. Nxd5 Ne5 {[%emt 0:00:30]} 30. Qc3 g4 {[%emt 0:00:30]} 31. hxg4 Qxg4 {[%emt 0:00:30]} 1-0

[Event "WJCC U20 Open 2019"]
[Site "New Delhi"]
[Date "2019.10.17"]
[Round "3.16"]
[White "Tabatabaei, M.amin"]
[Black "Rakesh Kumar Jena"]
[Result "1-0"]
[WhiteElo "2642"]
[BlackElo "2355"]
[Annotator "TA"]
[PlyCount "41"]
[EventDate "2019.10.15"]
[EventType "swiss"]
[EventCountry "IND"]
[SourceTitle "playchess.com"]
[Source "ChessBase"]
[SourceQuality "1"]

{[%evp 13,45,12,10,6,8,13,39,38,18,14,114,122,181,181,185,175,175,168,212,242,213,220,231,241,239,222,309,301,303,241,302,292,275,216]} 1. c4 e6 2. Nf3 Nf6 3. g3 d5 4. d4 Be7 5. Bg2 O-O 6. O-O dxc4 7. Qc2 b5 8. a4 {E05: Open Catalan: 5 Nf3 Be7} b4 9. Nfd2 Nd5 10. Nxc4 {White is slightly better.} c5 11. dxc5 Na6 $146 (11... Bxc5 $11 12. b3 Bb7) ({Predecessor:} 11... Ba6 12. Ne3 Nd7 13. Nxd5 exd5 14. c6 Rc8 15. Bf4 Nc5 {0-1 (59) Ding,L (2805)-Carlsen,M (2875) Zagreb 2019}) 12. e4 $16 {aiming for Rd1.} Nf6 (12... b3 $16 {keeps fighting.} 13. Qe2 (13. Qxb3 Nxc5 14. Qf3 Nb6 $16) 13... Ndb4) 13. Rd1 $36 {[%mdl 2048] White is really pushing.} Qc7 {[#]} 14. Bf4 $1 {[%cal Rf4c7]} ({Don't take} 14. e5 $6 Nd5 $14) 14... Qxc5 15. Nbd2 Bd7 16. Nb3 Qc8 17. Qe2 Nc5 18. Nxc5 Qxc5 19. b3 Rfd8 20. Rac1 Be8 21. Bd6 {Played: Nc4-d6} 1-0

[Event "WJCC U20 Open 2019"]
[Site "New Delhi"]
[Date "2019.10.17"]
[Round "3.17"]
[White "Gholami, Aryan"]
[Black "Eugene, Floryan"]
[Result "1/2-1/2"]
[WhiteElo "2554"]
[BlackElo "2346"]
[Annotator "TA"]
[PlyCount "55"]
[EventDate "2019.10.15"]
[EventType "swiss"]
[EventCountry "IND"]
[SourceTitle "playchess.com"]
[Source "ChessBase"]
[SourceQuality "1"]

{[%evp 16,55,9,6,6,-10,4,0,14,-9,-13,-43,-49,-26,63,-43,32,26,25,31,64,0,18,-13,0,-1,7,-45,-37,-87,-95,-95,-99,-109,-105,-97,-88,-98,-103,-106,-119,-135]} 1. Nf3 Nf6 2. b3 d6 3. d4 g6 4. Bb2 Bg7 5. g3 c5 6. Bg2 cxd4 7. Nxd4 d5 8. O-O O-O 9. c4 e5 {A49: 1 d4 Nf6 2 Nf3 g6 3 g3: Anti-King's Indian systems} 10. Nc2 {[%cal Rc4d5]} (10. Nf3 e4 11. Nd4 dxc4 12. Nd2 cxb3 13. Qxb3 Nc6 14. Nxc6 Qxd2 15. Ne7+ Kh8 16. Nxc8 Raxc8 17. e3 {½-½ (37) Malakhov,V (2654)-Amin,B (2709) Zagreb 2018}) 10... d4 11. e3 {[%cal Re3d4]} Bg4 {The position is equal.} 12. f3 $146 ({Predecessor:} 12. Qd2 d3 13. Nb4 e4 14. Nc3 Re8 15. Nbd5 Nbd7 16. f3 exf3 17. Bxf3 Bxf3 18. Rxf3 {½-½ (26) Ossig,R (2148)-Begnis,N (2312) Germany 2016}) 12... Bf5 13. e4 Be6 14. Nb4 Qb6 (14... h5 $11) 15. Nd3 (15. Nd5 $14 Qd8 16. Na3) 15... Nfd7 ({Black should play} 15... Nbd7 $15) 16. f4 $14 {Hoping for f5.} f6 17. Ba3 Rd8 18. Nd2 (18. f5 $14 Bf7 19. Nb4) 18... a5 19. fxe5 fxe5 20. Nf3 h6 21. Nh4 ({White should try} 21. Be7 $11) 21... Kh7 $15 22. Qc2 Na6 {Black is better.} 23. Rac1 Ndc5 24. Nf3 Nxd3 25. Qxd3 Nc5 26. Bxc5 Qxc5 27. a4 Rf8 28. h4 {Accuracy: White = 37%, Black = 47%.} 1/2-1/2

[Event "WJCC U20 Open 2019"]
[Site "New Delhi"]
[Date "2019.10.17"]
[Round "3.18"]
[White "Pogosyan, Stefan"]
[Black "Gazik, Viktor"]
[Result "1/2-1/2"]
[WhiteElo "2364"]
[BlackElo "2546"]
[Annotator "RC"]
[PlyCount "198"]
[EventDate "2019.10.15"]
[EventType "swiss"]
[EventCountry "IND"]
[SourceTitle "playchess.com"]
[Source "ChessBase"]
[SourceQuality "1"]
[TimeControl "40/5400+30:1800+30"]

1. d4 {[%emt 0:00:00]} Nc6 {[%emt 0:04:04]} 2. Nf3 {[%emt 0:00:02]} d6 {[%emt 0:00:26]} 3. e4 {[%emt 0:01:48]} g6 {[%emt 0:00:38]} 4. Nc3 {[%emt 0:01:08]} Bg7 {[%emt 0:00:06]} 5. h3 {[%emt 0:00:07]} Nf6 {[%emt 0:04:04]} 6. Be2 {[%emt 0:01:45]} O-O {[%emt 0:00:56]} 7. O-O {[%emt 0:00:22]} a6 {[%emt 0:00:52]} 8. a4 {[%emt 0:01:16]} b6 {[%emt 0:00:05]} 9. d5 {[%emt 0:02:46]} Nb4 {[%emt 0:02:35]} 10. Bc4 {[%emt 0:06:32]} Bb7 {[%emt 0:04:50]} 11. Be3 {[%emt 0:01:42]} c6 {[%emt 0:09:03]} 12. Qd2 {[%emt 0:13:30]} Rc8 {[%emt 0:09:45]} 13. Bb3 {[%emt 0:00:51]} cxd5 {[%emt 0:05:06]} 14. exd5 {[%emt 0:02:26]} Rxc3 {[%emt 0:03:07]} 15. Qxc3 {[%emt 0:01:39]} Nfxd5 {[%emt 0:01:11]} 16. Qd2 {[%emt 0:01:49]} Bxb2 {[%emt 0:08:58]} 17. Bxd5 {[%emt 0:02:06]} Nxd5 {[%emt 0:00:51]} 18. Rab1 {[%emt 0:00:23]} Ba3 {[%emt 0:17:46]} 19. Bh6 {[%emt 0:01:41]} Re8 {[%emt 0:00:12]} 20. a5 {[%emt 0:02:26]} Bc5 {[%emt 0:05:11]} 21. c4 {[%emt 0:04:28]} Nf6 {[%emt 0:00:01]} 22. axb6 {[%emt 0:00:18]} Bxf3 {[%emt 0:10:49]} 23. b7 {[%emt 0:01:04]} Qc7 {[%emt 0:03:28]} 24. gxf3 {[%emt 0:00:51]} Rb8 {[%emt 0:00:01]} 25. Rb2 {[%emt 0:07:00]} Nd7 {[%emt 0:05:39]} 26. Ra1 {[%emt 0:16:04]} Ne5 {[%emt 0:00:30]} 27. Rb3 {[%emt 0:00:30]} Rxb7 {[%emt 0:01:13]} 28. Qb2 {[%emt 0:10:01]} Rxb3 {[%emt 0:00:02]} 29. Qxb3 {[%emt 0:00:06]} f6 {[%emt 0:01:35]} 30. Bf4 {[%emt 0:03:00]} a5 {[%emt 0:01:09]} 31. Bxe5 {[%emt 0:01:50]} fxe5 {[%emt 0:00:01]} 32. Qb5 {[%emt 0:01:47]} Bb4 {[%emt 0:00:01]} 33. Kg2 {[%emt 0:01:15]} Kg7 {[%emt 0:01:39]} 34. Ra2 {[%emt 0:01:30]} Qc8 {[%emt 0:00:17]} 35. Re2 {[%emt 0:00:33]} Qf5 {[%emt 0:00:02]} 36. h4 {[%emt 0:01:10]} h5 {[%emt 0:01:00]} 37. Re4 {[%emt 0:02:03]} Kf7 {[%emt 0:00:09]} 38. Qd5+ {[%emt 0:01:23]} Qe6 {[%emt 0:00:47]} 39. f4 {[%emt 0:03:00]} Qxd5 {[%emt 0:00:32]} 40. cxd5 {[%emt 0:00:07]} exf4 {[%emt 0:00:47]} 41. Rxf4+ {[%emt 0:31:44]} Ke8 {[%emt 0:08:18]} 42. Re4 {[%emt 0:00:00]} Bc5 {[%emt 0:01:18]} 43. f4 {[%emt 0:00:00]} Kf7 {[%emt 0:01:47]} 44. Kf3 {[%emt 0:00:00]} Bb4 {[%emt 0:00:06]} 45. Re6 {[%emt 0:00:00]} Bc3 {[%emt 0:03:34]} 46. Re3 {[%emt 0:00:00]} Bd4 {[%emt 0:00:35]} 47. Re4 {[%emt 0:00:00]} Bc5 {[%emt 0:00:45]} 48. Kg3 {[%emt 0:00:00]} Ke8 {[%emt 0:03:03]} 49. Kf3 {[%emt 0:00:00]} Kd7 {[%emt 0:01:28]} 50. Ke2 {[%emt 0:00:00]} Ke8 {[%emt 0:06:39]} 51. Kf3 {[%emt 0:00:00]} Kd8 {[%emt 0:00:05]} 52. Ke2 {[%emt 0:00:00]} Kd7 {[%emt 0:00:02]} 53. Re6 {[%emt 0:03:16]} a4 {[%emt 0:02:39]} 54. Kd3 {[%emt 0:00:17]} Bf2 {[%emt 0:01:56]} 55. Rxg6 {[%emt 0:01:58]} Bxh4 {[%emt 0:00:15]} 56. Rg2 {[%emt 0:00:55]} e6 {[%emt 0:04:27]} 57. Ke4 {[%emt 0:01:07]} Ke7 {[%emt 0:01:19]} 58. dxe6 {[%emt 0:02:31]} Kxe6 {[%emt 0:00:02]} 59. Ra2 {[%emt 0:01:55]} d5+ {[%emt 0:00:34]} 60. Kf3 {[%emt 0:00:05]} Bf6 {[%emt 0:00:41]} 61. Rxa4 {[%emt 0:00:14]} Kf5 {[%emt 0:00:56]} 62. Ra6 {[%emt 0:01:34]} Be7 {[%emt 0:00:18]} 63. Rh6 {[%emt 0:00:53]} h4 {[%emt 0:00:02]} 64. Rh5+ {[%emt 0:00:14]} Ke6 {[%emt 0:00:02]} 65. Kg4 {[%emt 0:00:02]} Bf6 {[%emt 0:01:01]} 66. Kf3 {[%emt 0:00:10]} Kd6 {[%emt 0:00:40]} 67. Rh6 {[%emt 0:00:44]} Ke6 {[%emt 0:00:11]} 68. Kg4 {[%emt 0:00:21]} d4 {[%emt 0:00:17]} 69. Kf3 {[%emt 0:00:15]} Kf5 {[%emt 0:01:16]} 70. Rh5+ {[%emt 0:00:39]} Kg6 {[%emt 0:00:01]} 71. Rb5 {[%emt 0:00:20]} Kf7 {[%emt 0:00:39]} 72. Ke4 {[%emt 0:00:13]} Kg6 {[%emt 0:00:12]} 73. Rb6 {[%emt 0:00:27]} Kg7 {[%emt 0:01:17]} 74. Kf5 {[%emt 0:00:25]} Be7 {[%emt 0:00:36]} 75. Rb7 {[%emt 0:01:07]} Kf7 {[%emt 0:00:27]} 76. Ke5 {[%emt 0:01:39]} h3 {[%emt 0:00:29]} 77. Rb3 {[%emt 0:00:23]} h2 {[%emt 0:00:25]} 78. Rh3 {[%emt 0:00:11]} d3 {[%emt 0:00:08]} 79. Rh7+ {[%emt 0:00:29]} Kg6 {[%emt 0:00:58]} 80. Rxh2 {[%emt 0:00:51]} Bb4 {[%emt 0:00:01]} 81. Rh3 {[%emt 0:00:54]} d2 {[%emt 0:00:41]} 82. Rd3 {[%emt 0:00:06]} Bc3+ {[%emt 0:00:33]} 83. Ke6 {[%emt 0:00:43]} Kh5 {[%emt 0:00:07]} 84. Kf5 {[%emt 0:01:53]} Kh4 {[%emt 0:00:01]} 85. Ke4 {[%emt 0:00:34]} Kg4 {[%emt 0:00:02]} 86. Rd5 {[%emt 0:00:59]} Kg3 {[%emt 0:00:59]} 87. Ke3 {[%emt 0:00:23]} Bb4 {[%emt 0:00:41]} 88. Rg5+ {[%emt 0:00:24]} Kh4 {[%emt 0:00:02]} 89. Rd5 {[%emt 0:00:38]} Kg4 {[%emt 0:00:37]} 90. Rd8 {[%emt 0:00:30]} Kf5 {[%emt 0:00:36]} 91. Rd5+ {[%emt 0:00:26]} Kg4 {[%emt 0:00:10]} 92. Rd8 {[%emt 0:00:07]} Kf5 {[%emt 0:00:30]} 93. Kf3 {[%emt 0:00:09]} Ke6 {[%emt 0:00:18]} 94. Rd3 {[%emt 0:00:21]} Kf5 {[%emt 0:00:11]} 95. Rd5+ {[%emt 0:00:08]} Ke6 {[%emt 0:00:06]} 96. Ke4 {[%emt 0:00:03]} Kf6 {[%emt 0:01:27]} 97. f5 {[%emt 0:01:05]} Bc3 {[%emt 0:00:52]} 98. Ke3 {[%emt 0:01:30]} d1=Q {[%emt 0:00:22]} 99. Rxd1 {[%emt 0:00:05]} Kxf5 {[%emt 0:00:30]} 1/2-1/2

[Event "WJCC U20 Open 2019"]
[Site "New Delhi"]
[Date "2019.10.17"]
[Round "3.19"]
[White "Nigmatov, Ortik"]
[Black "Audi Ameya"]
[Result "0-1"]
[WhiteElo "2494"]
[BlackElo "2336"]
[Annotator "TA"]
[PlyCount "48"]
[EventDate "2019.10.15"]
[EventType "swiss"]
[EventCountry "IND"]
[SourceTitle "playchess.com"]
[Source "ChessBase"]
[SourceQuality "1"]

{[%evp 22,152,23,0,0,0,0,0,16,-15,-11,-19,-17,-121,-122,-111,-114,-121,-108,-397,-397,-383,-396,-381,-394,-339,-205,-178,-103,-91,-77,-88,-81,-99,-85,-106,-106,-106,-96,-77,-90,-90,-83,-77,-77,-83,-80,-80,-77,-80,-83,-211,-215,-212,-194,-209,-187,-244,-228,-228,-228,-231,-231,-217,-203,-239,-204,-273,-214,-389,-370,-453,-472,-591,-598,-588,-575,-557,-526,-520,-520,-520,-514,-513,-506,-526,-476,-473,-466,-461,-448,-446,-441,-594,-582,-568,-510,-610,-608,-598,-583,-665,-512,-665,-665,-653,-645,-618,-609,-593,-602,-602,-602,-597,-595,-604,-594,-627,-622,-645,-567,-567,-562,-548,-552,-568,-526,-578,-569,-700,-602,-1923,-1853]} 1. e4 e5 2. Nf3 Nc6 3. Bc4 Nf6 4. d3 Bc5 5. c3 a6 6. O-O d6 7. Bb3 O-O 8. Nbd2 Ba7 9. h3 h6 10. Re1 Nh5 11. Nf1 Qf6 12. Be3 Bxe3 {C54: Giuoco Piano: 4 c3 Nf6, main lines with 5 d4 and 5 d3} (12... Be6 13. N1h2 Bxe3 14. fxe3 Qe7 15. Nf1 g6 16. d4 Bxb3 17. axb3 Kg7 18. b4 Nf6 19. Ng3 Nh7 20. Nd2 {½-½ (45) Saric,I (2666)-Banusz,T (2612) Sibenik 2016}) 13. fxe3 Qg6 14. Kh2 Na5 {The position is equal.} 15. g4 Nxb3 16. axb3 Qe6 $146 ({Predecessor:} 16... Nf6 17. Ng3 Re8 18. Nf5 Qh7 19. Rg1 h5 20. Ng5 {1-0 (46) Nasuta,G (2455)-Audi,A (2219) Pardubice 2017}) 17. d4 (17. b4 $11) 17... Nf6 $1 $17 18. Ng3 h5 $1 19. Ng5 {[#]} Nxg4+ $1 {[%mdl 512]} 20. Kg2 $2 {[%mdl 8192]} (20. Qxg4 $17 hxg4 21. Nxe6 Bxe6 22. d5) (20. hxg4 Qf6) 20... Qh6 $19 21. hxg4 Qxg5 22. gxh5 Bg4 23. Qd3 Bxh5 24. Rh1 g6 {Played: Bh5-g6} 0-1

[Event "WJCC U20 Open 2019"]
[Site "New Delhi"]
[Date "2019.10.17"]
[Round "3.20"]
[White "Parkhov, Yair"]
[Black "Arjun Kalyan"]
[Result "1/2-1/2"]
[WhiteElo "2350"]
[BlackElo "2483"]
[Annotator "TA"]
[PlyCount "116"]
[EventDate "2019.10.15"]
[EventType "swiss"]
[EventCountry "IND"]
[SourceTitle "playchess.com"]
[Source "ChessBase"]
[SourceQuality "1"]

{[%evp 13,116,22,20,0,0,18,6,0,0,15,19,-14,-14,-14,-7,-14,-6,-22,-2,-3,0,0,0,-9,1,-5,0,-2,43,0,12,2,7,0,0,0,16,-56,-55,-51,-37,-51,-23,-73,-69,-52,-6,-16,6,-15,-15,-15,-6,-9,-1,0,-8,-16,-8,-14,-10,-24,-10,-17,-19,-9,-1,-8,-8,-8,-8,-8,-8,-8,-8,-71,-71,-83,-8,-8,-8,-212,-8,-8,0,-8,0,-8,0,0,0,0,0,0,0,0,8,0,0,0,0,0,0,0,8]} 1. d4 d5 2. c4 e6 3. Nf3 Nf6 4. g3 dxc4 5. Bg2 Nc6 6. Qa4 Bd7 7. Qxc4 Na5 8. Qc2 {E02: Open Catalan: 5 Qa4+} (8. Qd3 c5 9. Nc3 Bc6 10. O-O Be7 11. Rd1 O-O 12. e4 Qb6 13. Be3 Rfd8 14. Ne5 cxd4 15. Bxd4 Qc7 {1-0 (24) Eljanov,P (2723)-Goloshchapov,A (2586) Dubai 2014}) 8... Rc8 $1 9. Nc3 c5 10. O-O cxd4 11. Nxd4 Bb4 12. Bd2 Qb6 $146 ({Predecessor:} 12... O-O 13. Rfd1 Qb6 14. Nb3 Ng4 15. Be1 Bxc3 16. bxc3 Ba4 17. Rab1 f5 {1-0 (40) Porth,D (2300)-Kuhn,A Germany 1997}) 13. Nf3 Nc4 14. Rac1 O-O 15. Qb3 h6 16. Rfd1 Bc5 17. Qxb6 Bxb6 18. Rc2 Bc6 19. Be1 Ng4 $36 {[%mdl 2048] Hoping for ...Nge3! Black has good play.} 20. Rdc1 Rfd8 21. Nd1 (21. Na4 $5 Bxa4 22. Rxc4 $11 {[%mdl 64] Double Attack}) 21... Nce5 22. Nxe5 Nxe5 23. Nc3 Bxg2 24. Kxg2 Ba5 25. Rd2 (25. a3 $11) 25... Rxd2 $15 26. Bxd2 Nc4 27. Rc2 $1 b5 28. a3 a6 29. Kg1 Rd8 30. Bc1 f5 31. Kg2 Rc8 32. Nd1 Kf7 33. b3 Nd6 34. Rxc8 Nxc8 $11 {[%mdl 4096] Endgame KBN-KBN} 35. Bb2 Bb6 36. Nc3 Nd6 37. e3 Bd8 38. Kf3 Bf6 39. Ke2 Ne4 40. Nxe4 Bxb2 {KB-KN} 41. Nc5 $1 Bxa3 42. Nxa6 Bd6 43. Kd3 e5 44. f3 {[#]} (44. e4 $11) 44... h5 $1 $17 45. e4 {[#]} g6 ({Black should play} 45... f4 $1 $17 {[%cal Rf4g3] White must now prevent ...fxg3.} 46. gxf4 exf4) 46. Kc3 $11 Kf6 {Threatens to win with ...fxe4.} 47. exf5 $2 (47. Kd3 $1 $11) 47... gxf5 $2 (47... Kxf5 $19 {And now ...e4 would win.} 48. Kd3 g5) 48. Nb4 {The position is equal.} Kg5 {...e4 is the strong threat.} 49. Nd5 h4 50. Kd3 Bc5 51. Ke2 Bg1 52. gxh4+ Kxh4 53. Nc7 Bxh2 54. Nxb5 Kg3 55. Nd6 Kf4 56. b4 Bg1 57. b5 e4 58. fxe4 fxe4 {Accuracy: White = 46%, Black = 49%.} 1/2-1/2

[Event "WJCC U20 Open 2019"]
[Site "New Delhi"]
[Date "2019.10.17"]
[Round "3.21"]
[White "Rahul Srivatshav P"]
[Black "O`Donnell, Conor"]
[Result "1-0"]
[WhiteElo "2460"]
[BlackElo "2345"]
[Annotator "TA"]
[PlyCount "67"]
[EventDate "2019.10.15"]
[EventType "swiss"]
[EventCountry "IND"]
[SourceTitle "playchess.com"]
[Source "ChessBase"]
[SourceQuality "1"]

{[%evp 12,67,19,20,31,29,25,6,0,6,9,2,6,0,10,0,12,16,130,132,120,120,129,126,211,203,214,202,210,211,287,267,277,266,270,272,329,299,304,241,575,500,468,385,450,436,720,786,932,841,1544,1545,3506,2568,5317,5310,29991,29978]} 1. d4 d5 2. c4 e6 3. Nc3 Nf6 4. cxd5 Nxd5 5. e4 Nxc3 6. bxc3 c5 7. Rb1 cxd4 {D35: Queen's Gambit Declined: Exchange Variation} (7... Be7 8. Nf3 O-O 9. Be2 b6 10. O-O Bb7 11. Qd3 Ba6 12. Qe3 Bxe2 13. Qxe2 cxd4 14. cxd4 Nd7 15. Rd1 {1-0 (27) Ding,L (2805)-Dominguez Perez,L (2763) Saint Louis 2019}) 8. cxd4 Nc6 9. Nf3 (9. Bb5 {is more complex.} Bd7 10. Nf3 Bb4+ 11. Kf1 Be7 12. g3) 9... Bb4+ {The position is equal.} 10. Bd2 Bxd2+ 11. Qxd2 O-O 12. Bb5 Qd6 13. O-O b6 {[#]} 14. d5 $146 ({Predecessor:} 14. Rfd1 Bb7 15. d5 {½-½ (32) Shevchenko,K (2535)-Druska,J (2434) Skopje 2019}) 14... Ne5 (14... Na5 $11) 15. Nxe5 $16 Qxe5 {[#]} 16. Bc6 $1 {[%cal Rc6a8]} Ba6 {[#]} 17. f4 $1 $36 {[%cal Rf4e5][%mdl 2048] White has strong initiative.} Qd6 (17... Qxe4 $16 {was worth a try.} 18. Rfe1 Qd3 19. Qxd3 Bxd3) 18. Rfc1 $18 {Black must now prevent e5.} Rad8 19. e5 Qb8 {and if ...exd5 works, Black does fine.} 20. d6 f6 21. Qd4 Rf7 22. Qa4 Bd3 23. Rb3 {[%cal Bb1b3,Bb3c3,Bc3c7][%mdl 32]} Be2 24. Qe4 Bg4 25. Rbc3 g5 $2 (25... b5 26. Qe3 Bf5) 26. Bb5 Bf5 27. Qc4 a6 28. Bxa6 b5 (28... fxe5 $142 29. fxe5 Qa8) 29. Qd4 Rff8 30. Rc7 gxf4 31. R1c6 Bg6 32. exf6 e5 33. Qxe5 {Intending Rg7+ and mate.} f3 34. gxf3 {Accuracy: White = 90%, Black = 23%.} 1-0